Adivinanzas, risas y chanzas : (Registro nro. 3967)
[ vista simple ]
| 000 -LEADER | |
|---|---|
| fixed length control field | 00814nam a2200229Ia 4500 |
| 003 - CONTROL NUMBER IDENTIFIER | |
| control field | OSt |
| 005 - DATE AND TIME OF LATEST TRANSACTION | |
| control field | 20200812125207.0 |
| 008 - FIXED-LENGTH DATA ELEMENTS--GENERAL INFORMATION | |
| fixed length control field | 191128s2005 ck er 000 p spa d |
| 020 ## - INTERNATIONAL STANDARD BOOK NUMBER | |
| International Standard Book Number | 9589759114 |
| 040 ## - CATALOGING SOURCE | |
| Original cataloging agency | CO-JMCR |
| Transcribing agency | CO-JMCR |
| 082 ## - DEWEY DECIMAL CLASSIFICATION NUMBER | |
| Classification number | P / |
| Item number | BERa |
| 100 1# - MAIN ENTRY--PERSONAL NAME | |
| Personal name | Bernal Pinilla, Luis Darío, |
| Relator term | autor |
| 9 (RLIN) | 8659 |
| 245 #0 - TITLE STATEMENT | |
| Title | Adivinanzas, risas y chanzas : |
| Remainder of title | poesía para niños / |
| Statement of responsibility, etc. | Luis Darío Bernal Pinilla ; ilustrador Claudia Rueda |
| 250 ## - EDITION STATEMENT | |
| Edition statement | Primera edición |
| 260 ## - PUBLICATION, DISTRIBUTION, ETC. | |
| Place of publication, distribution, etc. | Bogotá : |
| Name of publisher, distributor, etc. | Ediciones B, |
| Date of publication, distribution, etc. | 2005 |
| 300 ## - PHYSICAL DESCRIPTION | |
| Extent | 43 páginas : |
| Other physical details | ilustraciones a color; |
| Dimensions | 22 cm. |
| 490 ## - SERIES STATEMENT | |
| Series statement | Grillo cantor |
| 505 ## - FORMATTED CONTENTS NOTE | |
| Formatted contents note | Rimas plurales -- Coplas -- Niños modelos -- Villancicos -- Adivinanzas |
| 650 14 - SUBJECT ADDED ENTRY--TOPICAL TERM | |
| Topical term or geographic name entry element | Adivinanzas Juegos de palabras |
| 9 (RLIN) | 8660 |
| 700 ## - ADDED ENTRY--PERSONAL NAME | |
| Personal name | Rueda, Claudia, |
| Relator term | ilustrador |
| 9 (RLIN) | 679 |
| 942 ## - ADDED ENTRY ELEMENTS (KOHA) | |
| Source of classification or shelving scheme | Dewey Decimal Classification |
| Koha item type | Books |
| Withdrawn status | Lost status | Source of classification or shelving scheme | Damaged status | Not for loan | Collection code | Home library | Current library | Date acquired | Source of acquisition | Total Checkouts | Total Renewals | Full call number | Barcode | Date last seen | Date last checked out | Copy number | Koha item type |
|---|---|---|---|---|---|---|---|---|---|---|---|---|---|---|---|---|---|
| Dewey Decimal Classification | Fiction | Biblioteca Pública José María del Castillo y Rada | Biblioteca Pública José María del Castillo y Rada | 11/28/2019 | Donación | 7 | 2 | P / BERa | 201808774 | 07/24/2024 | 07/24/2024 | Ej.1 | Books |